Cyanide detoxification in the domestic fowl /
Saved in:
| Main Author: | |
|---|---|
| Format: | Thesis Book |
| Language: | English |
| Published: |
1976.
|
| Subjects: | |
| Tags: |
Add Tag
No Tags, Be the first to tag this record!
|
| LEADER | 00842cam a2200265 a 4500 | ||
|---|---|---|---|
| 001 | u146192 | ||
| 003 | SIRSI | ||
| 008 | 920312s1976 my a t 00 1 eng m | ||
| 035 | |a AAR-0534 | ||
| 040 | |a UMM | ||
| 090 | |a SF768 |b Oh |c F | ||
| 091 | |a Microfiched 3357. | ||
| 100 | 1 | 0 | |a Oh, Saw-yin. |
| 245 | 1 | 0 | |a Cyanide detoxification in the domestic fowl / |c Oh, Saw-yin. |
| 260 | |c 1976. | ||
| 300 | |a xi, 137 leaves : |b illus. ; |c 29 cm. | ||
| 500 | |a Microfice (negative). 3 fiche. 11 x 15 cm. | ||
| 500 | |a Mimeographed. | ||
| 502 | |a Thesis (Ph.D.) -- University of Malaya, 1976. | ||
| 504 | |a Bibliography: leaves 122-133. | ||
| 650 | 0 | |a Poultry |x Physiology. | |
| 650 | 0 | |a Cyanides |x Physiological effects. | |
| 948 | |a 12/03/1992 |b 31/05/2002 | ||
| 596 | |a 1 | ||
| 999 | |a SF768 OH |w LC |c 1 |i A002661918 |d 2/5/1995 |l STACKS |m P01UTAMA |n 1 |r Y |s Y |t TESIS |u 20/3/1992 | ||
